000 00722nam a2200241Ia 4500
001 9749
003 GE_BSU
008 181216s||||||||xx |||||||||||||| ||und||
040 _cGE_BSU
080 _a821.353.1-1
100 _aნიშნიანიძე,შოთა
245 _aრჩეული
245 _bლექსები
245 _cბოლოსიტყ.ავტ:ე.მაღრაძე;მხატვ:.ზურაბ ფორჩხიძე.
260 _aთბილისი.
260 _bმერანი.
260 _c1984.
300 _a461გვ;20სმ.
300 _bპორტრ.
653 _aლექსები
653 _aრჩეული
942 _cBK
999 _c43029
_d43029